Actors who worked with Bennett Miller - Statistics

General Stats
  • This quiz has been taken 5 times
  • The average score is 10 of 20
Answer Stats
Films Answer % Correct
Moneyball Brad Pitt
100%
Moneyball Jonah Hill
100%
Moneyball, Capote Philip Seymour Hoffman
100%
Foxcatcher Steve Carell
100%
Foxcatcher Channing Tatum
80%
Moneyball Chris Pratt
80%
Foxcatcher Mark Ruffalo
80%
Capote Catherine Keener
60%
Moneyball Robin Wright
60%
Capote Amy Ryan
40%
Capote Clifton Collins Jr.
40%
Foxcatcher Vanessa Redgrave
40%
Foxcatcher Anthony Michael Hall
20%
Moneyball Arliss Howard
20%
Capote Bob Balaban
20%
Capote Bruce Greenwood
20%
Capote Chris Cooper
20%
Foxcatcher Sienna Miller
20%
Moneyball Stephen Bishop
20%
Moneyball Tammy Blanchard
20%
No matching quizzes found
Score Distribution
Percent of People with Each Score
Percentile by Number Answered
Your Score History
You have not taken this quiz